GROUPS,RINGS AND FIELDS (Record no. 9514)

MARC details
000 -LEADER
fixed length control field 00415nam a22001577a 4500
003 - CONTROL NUMBER IDENTIFIER
control field SGT
020 ## - INTERNATIONAL STANDARD BOOK NUMBER
International Standard Book Number 9788184890877
082 ## - DEWEY DECIMAL CLASSIFICATION NUMBER
Classification number 512.02,WAL
100 ## - MAIN ENTRY--PERSONAL NAME
Personal name WALLACE D.A.R.
245 ## - TITLE STATEMENT
Title GROUPS,RINGS AND FIELDS
260 ## - PUBLICATION, DISTRIBUTION, ETC. (IMPRINT)
Place of publication, distribution, etc NEW DELHI
Name of publisher, distributor, etc SPRINGER
Year of Publication 2015
300 ## - PAGE DESCRIPTION
No. of Pages 248
650 ## - SUBJECT ADDED ENTRY--TOPICAL TERM
Topical term or geographic name as entry element ALGEBRA
653 ## - KEYWORDS--INDEX TERM
Keyword term SETS AND MAPPINGS, THE INTEGERS, INTRODUCTION TO RINGS, RINGS, TOPICS IN GROUP THEORY
942 ## - ADDED ENTRY ELEMENTS (KOHA)
Source of classification or shelving scheme Dewey Decimal Classification
Koha item type FPS Books
Holdings
Withdrawn status Lost status Source of classification or shelving scheme Damaged status Not for loan Collection code Home library Current library Shelving location Date acquired Vendor Name Cost, normal purchase price SGTU Bill Number Total Checkouts Full call number Accession No. (Barcode) Date last seen Bill Date Koha item type Date last borrowed
    Dewey Decimal Classification     SCIENCE SGT Science & Social Sciences Library SGT Science & Social Sciences Library Text Book 06/07/2016 KIRTI PRAKASHAN 325.00 SGTU 3306   512.02,WAL PS1442 06/07/2016 02/12/2016 FPS Books  
    Dewey Decimal Classification     SCIENCE SGT Science & Social Sciences Library SGT Science & Social Sciences Library Text Book 10/09/2016 AHUJA BOOK 295.00 SGTU 7132 1 512.02,WAL PS2277 27/07/2017 08/08/2016 FPS Books 18/07/2017
    Dewey Decimal Classification   Not For Loan SCIENCE SGT Science & Social Sciences Library SGT Science & Social Sciences Library Reference Book 10/09/2016 AHUJA BOOK 295.00 SGTU 7132   512.02,WAL PS2278 10/09/2016 08/08/2016 FPS Books